Kritický realizmus: ontologická báze postkeynesovské ekonomie

Keynesovské a Kaldorové prístupy k metodológii. Kritický realizmus.

Salvato in:
Dettagli Bibliografici
Autore principale: Kovanda, Lukáš
Natura: Capitolo di libro
Lingua:ceco
Soggetti:
Tags: Aggiungi Tag
Nessun Tag, puoi essere il primo ad aggiungerne!!

MARC

LEADER 00000naa a2200000 4500
001 0123786
005 20231121105507.5
041 0 |a cze 
044 |a CZ 
245 1 0 |a Kritický realizmus: ontologická báze postkeynesovské ekonomie  |c Lukáš Kovanda 
520 |a Keynesovské a Kaldorové prístupy k metodológii. Kritický realizmus. 
610 2 0 |a postkeynesizmus 
610 2 0 |a teórie ekonomické 
610 2 0 |a metodológia 
610 2 0 |a kritika 
100 1 |a Kovanda, Lukáš